| 000 | 00856 a2200253 4500 | ||
|---|---|---|---|
| 999 |
_c200128806 _d19935 |
||
| 001 | 200128806 | ||
| 003 | TR-AnTOB | ||
| 005 | 20231130112503.0 | ||
| 008 | 130630s2011 it 001 0 | ||
| 020 | _a9788813308315 | ||
| 040 |
_aTR-AnTOB _beng _cTR-AnTOB _erda |
||
| 041 | _aita | ||
| 050 | 0 |
_aKKH4048 _b.M36 2011 |
|
| 090 | _aKKH4048 .M36 2011 | ||
| 100 | 1 |
_aMantovani, Ferrando _987464 |
|
| 245 | 1 | 0 |
_aDiritto penale : _bparte generale / _cFerrando Mantovani. |
| 250 | _a7. ed. | ||
| 264 | 1 |
_a[Padova] : _bCEDAM, _c2011. |
|
| 300 |
_alv, 988 p. ; _c24 cm. |
||
| 505 | _aI.Il principio di legalita -- II.Il reato -- III.La personalita dell'autore -- IV.Le conseguenze del reato -- V.I problemi internazionali del diritto penale -- VI.Il diritto punitivo amministrativo | ||
| 650 | 0 |
_aCriminal law _zItaly _987465 |
|
| 942 |
_cBK _2lcc |
||